| 000 | 00587pam a2200157a 44500 | ||
|---|---|---|---|
| 008 | 230515b1993 xxu||||| |||| 00| 0 eng d | ||
| 020 | _aNULL | ||
| 041 | _aENGLISH | ||
| 082 | _a589.95 | ||
| 100 | _aABRAHAM L, SONENSHERIN,J A HOCH ,R LOSICK | ||
| 245 | _aBACILLUS SUBTILIS AND OTHER GRAM-POSITIVE BACTERIA BIOCHEMISTRY, PHYSIOLOGY, AND MOLECULAR GENETICS | ||
| 250 | _aI | ||
| 260 |
_aWASHINGTON DC _bASM AMERICAN SOCIETY FOR MICROBIOLOGY _c1993 |
||
| 300 | _aXIIII,987 | ||
| 650 | _aBACILLUS SUBTILIS AND OTHER GRAM-POSITIVE BACTERIA BIOCHEMISTRY, PHYSIOLOGY, AND MOLECULAR GENETICS | ||
| 999 |
_c568154 _d568154 |
||